[Event "Skopje Karposh op"]
[Site "Skopje"]
[Date "2015.04.02"]
[Round "8"]
[White "Gjeorgjievski, Done"]
[Black "Minas, Ioannis"]
[Result "0-1"]
[WhiteElo "1747"]
[BlackElo "2013"]
[PlyCount "62"]
[EventDate "2015.03.27"]
[EventType "swiss"]
[EventRounds "9"]
[EventCountry "MKD"]
[SourceTitle "CBM 165 Extra"]
[Source "ChessBase"]
[SourceDate "2015.04.21"]
[SourceVersion "1"]
[SourceVersionDate "2015.04.21"]
[SourceQuality "1"]

1. e4 e5 2. Nf3 Nc6 3. Bb5 f5 4. d3 fxe4 5. dxe4 Nf6 6. 0-0 d6 7. Re1 Be7 8. Bc4 Na5 9. Qe2 Bg4 10. Nbd2 Qd7 11. h3 Nxc4 12. Qxc4 Be6 13. Qe2 Qc6 14. c4 0-0 15. b3 Qe8 16. Nf1 Nh5 17. Ng3 Qg6 18. Nxh5 Qxh5 19. Ba3 Bxh3 20. Nh2 Qg6 21. g3 Rf7 22. Qe3 Raf8 23. Re2 b6 24. b4 h5 25. c5 h4 26. cxb6 axb6 27. b5 Bg4 28. Rc2 Bf3 29. Nf1 Qg4 30. Nh2 Qh3 31. Nxf3 Rxf3 0-1

[Event "Skopje Karposh op"]
[Site "Skopje"]
[Date "2015.04.01"]
[Round "7"]
[White "Gjeorgjievski, Done"]
[Black "Ozen, Bahadir"]
[Result "0-1"]
[WhiteElo "1747"]
[BlackElo "2092"]
[PlyCount "112"]
[EventDate "2015.03.27"]
[EventType "swiss"]
[EventRounds "9"]
[EventCountry "MKD"]
[SourceTitle "CBM 165 Extra"]
[Source "ChessBase"]
[SourceDate "2015.04.21"]
[SourceVersion "1"]
[SourceVersionDate "2015.04.21"]
[SourceQuality "1"]

1. e4 d6 2. d4 Nf6 3. Nc3 Nbd7 4. Nf3 e5 5. Bc4 Be7 6. 0-0 0-0 7. h3 c6 8. a4 b6 9. Qe2 a6 10. Rd1 Qc7 11. Bg5 Bb7 12. d5 cxd5 13. Bxd5 Bxd5 14. Nxd5 Nxd5 15. Rxd5 Bxg5 16. Nxg5 h6 17. Nf3 Nf6 18. Rd3 Qc6 19. Re3 Rfc8 20. c3 b5 21. a5 Qc4 22. Nd2 Qxe2 23. Rxe2 Kf8 24. Nf1 Rab8 25. Rc1 b4 26. c4 Rc5 27. f3 Rxa5 28. Ne3 g6 29. Rd1 Ke7 30. Red2 Rb6 31. g4 Ke6 32. h4 Rc6 33. Kf2 Nd7 34. Kg3 Nb6 35. Nd5 Nxc4 36. Nxb4 Rb6 37. Nd5 Nxd2 38. Nxb6 Rb5 39. Rxd2 Rxb6 40. Rc2 Kd7 41. Rd2 Rb5 42. Kf2 Rb3 43. Rc2 a5 44. Rd2 Ke6 45. Kg3 a4 46. Kf2 Rb6 47. Kg3 f5 48. exf5+ gxf5 49. g5 hxg5 50. hxg5 Kf7 51. f4 Kg6 52. Rd5 exf4+ 53. Kxf4 Rb4+ 54. Kf3 Kxg5 55. Rxd6 Rb3+ 56. Kf2 Rxb2+ 0-1

[Event "Skopje Karposh op"]
[Site "Skopje"]
[Date "2015.03.31"]
[Round "6"]
[White "Arizanov, Tome"]
[Black "Gjeorgjievski, Done"]
[Result "0-1"]
[WhiteElo "2037"]
[BlackElo "1747"]
[PlyCount "91"]
[EventDate "2015.03.27"]
[EventType "swiss"]
[EventRounds "9"]
[EventCountry "MKD"]
[SourceTitle "CBM 165 Extra"]
[Source "ChessBase"]
[SourceDate "2015.04.21"]
[SourceVersion "1"]
[SourceVersionDate "2015.04.21"]
[SourceQuality "1"]

1. Nf3 Nf6 2. g3 b5 3. Bg2 Bb7 4. 0-0 e6 5. d3 c5 6. b3 Be7 7. c4 bxc4 8. bxc4 0-0 9. Na3 a6 10. Rb1 Bc6 11. Nc2 d6 12. e4 Nbd7 13. Nfe1 Qc7 14. f4 Rab8 15. Bd2 Rxb1 16. Qxb1 Rb8 17. Qc1 Qb7 18. Qa3 a5 19. Bc3 a4 20. Ne3 Ne8 21. Nf3 Nc7 22. Re1 Na6 23. Rd1 Qa8 24. Ne1 Nb4 25. f5 Bg5 26. Bd2 Bf6 27. fxe6 fxe6 28. Bh3 Kf7 29. Nf3 Be5 30. Ng4 Bd4+ 31. Be3 Nc2 32. Qc1 Nxe3 33. Nxe3 Ke7 34. Kh1 Bxe4 35. dxe4 Qxe4 36. Ng2 Rb2 37. Re1 Re2 38. Rxe2 Qxe2 39. a3 Bb2 40. Qg5+ Ke8 41. Qe3 Qf1+ 42. Qg1 Qxc4 43. Qe1 e5 44. Ne3 Qc1 45. Qxc1 Bxc1 46. Nc4 0-1

[Event "FRM-ch op 23rd"]
[Site "Struga"]
[Date "2014.08.31"]
[Round "7"]
[White "Konstantinov, Aleksandar1111"]
[Black "Gjeorgjievski, Done"]
[Result "1-0"]
[WhiteElo "1818"]
[BlackElo "1814"]
[PlyCount "109"]
[EventDate "2014.08.25"]
[EventType "swiss"]
[EventRounds "9"]
[EventCountry "MKD"]
[SourceTitle "CBM 162 Extra"]
[Source "ChessBase"]
[SourceDate "2014.10.17"]
[SourceVersion "1"]
[SourceVersionDate "2014.10.17"]
[SourceQuality "1"]

1. c4 c6 2. d4 d5 3. Nc3 Nf6 4. cxd5 cxd5 5. Bf4 Nc6 6. e3 Bf5 7. Qb3 Qb6 8. Qxb6 axb6 9. Nb5 Kd7 10. Nf3 e6 11. Be2 Bb4+ 12. Kf1 Rhc8 13. h3 Ne4 14. g4 Bg6 15. Kg2 f6 16. a3 Bd6 17. Bxd6 Nxd6 18. h4 Na5 19. Rac1 Nac4 20. Nxd6 Nxd6 21. Nd2 Rc6 22. h5 Bf7 23. Bd3 h6 24. f4 Rac8 25. Rcf1 b5 26. Nb3 b6 27. Kf3 Nc4 28. Rh2 Kd6 29. Rc2 R6c7 30. Ke2 Be8 31. Rfc1 Ra8 32. Nd2 Rca7 33. e4 Bd7 34. Nf3 Rf8 35. e5+ fxe5 36. fxe5+ Ke7 37. Nh4 Be8 38. Bxc4 bxc4 39. Rf1 Rxf1 40. Kxf1 Kd8 41. Ke2 Rf7 42. Ng6 Ba4 43. Rc1 Kd7 44. Ke3 Bb3 45. Nf4 Ba4 46. Rg1 Bc2 47. Rc1 Be4 48. Rf1 Bc2 49. Rf2 Bb1 50. Re2 Be4 51. Re1 Bc2 52. Kf3 Bb3 53. Kg3 Bc2 54. Nxd5 Kc6 55. Nb4+ 1-0

[Event "FRM-ch op 23rd"]
[Site "Struga"]
[Date "2014.08.29"]
[Round "5"]
[White "Pejchinoski, Nikola"]
[Black "Gjeorgjievski, Done"]
[Result "1/2-1/2"]
[WhiteElo "1520"]
[BlackElo "1814"]
[PlyCount "101"]
[EventDate "2014.08.25"]
[EventType "swiss"]
[EventRounds "9"]
[EventCountry "MKD"]
[SourceTitle "CBM 162 Extra"]
[Source "ChessBase"]
[SourceDate "2014.10.17"]
[SourceVersion "1"]
[SourceVersionDate "2014.10.17"]
[SourceQuality "1"]

1. d4 Nf6 2. c4 e6 3. Nc3 Bb4 4. Nf3 b6 5. e3 Bb7 6. Bd2 0-0 7. Bd3 d5 8. cxd5 Nxd5 9. Nxd5 Bxd2+ 10. Qxd2 Bxd5 11. Qe2 Nd7 12. 0-0 c5 13. b3 Bxf3 14. Qxf3 cxd4 15. exd4 Nf6 16. Qe3 Rc8 17. Bc4 Qd7 18. Rfd1 Nd5 19. Qe5 Rfd8 20. Bxd5 Qxd5 21. Qxd5 Rxd5 22. Rd2 g6 23. Kf1 Rcd8 24. Rad1 e5 25. Ke2 exd4 26. Kd3 f5 27. Rc1 b5 28. Re2 R8d7 29. Rec2 a6 30. Rc6 R5d6 31. Rc7 Rxc7 32. Rxc7 h5 33. h3 Kf8 34. a3 Kg8 35. Re7 h4 36. Rc7 Kf8 37. Rh7 Rc6 38. Kxd4 Rc2 39. Rxh4 Rxf2 40. g4 Rf3 41. b4 Rxa3 42. gxf5 gxf5 43. Ke5 a5 44. bxa5 Rxa5 45. Rb4 Ra3 46. Kxf5 Rxh3 47. Ke6 Rh5 48. Kd6 Ke8 49. Kc6 Ke7 50. Rxb5 Rxb5 51. Kxb5 1/2-1/2

[Event "FRM-ch op 23rd"]
[Site "Struga"]
[Date "2014.08.27"]
[Round "3"]
[White "Gjeorgjievski, Done"]
[Black "Veljanoski, Andrej"]
[Result "0-1"]
[WhiteElo "1814"]
[BlackElo "1554"]
[PlyCount "160"]
[EventDate "2014.08.25"]
[EventType "swiss"]
[EventRounds "9"]
[EventCountry "MKD"]
[SourceTitle "CBM 162 Extra"]
[Source "ChessBase"]
[SourceDate "2014.10.17"]
[SourceVersion "1"]
[SourceVersionDate "2014.10.17"]
[SourceQuality "1"]

1. e4 e5 2. Nf3 Nc6 3. Bc4 Nf6 4. Ng5 d5 5. exd5 Na5 6. Bb5+ c6 7. dxc6 bxc6 8. Be2 h6 9. Nf3 e4 10. Ne5 Bd6 11. d4 exd3 12. Nxd3 Qc7 13. h3 0-0 14. 0-0 Bf5 15. Nd2 c5 16. b3 Ne4 17. Nxe4 Bxe4 18. Bf3 Bxf3 19. Qxf3 Nc6 20. Qg4 Kh8 21. Nf4 Be5 22. Rb1 Nd4 23. c4 Bxf4 24. Bxf4 Qxf4 25. Qxf4 Ne2+ 26. Kh2 Nxf4 27. Rbd1 Rad8 28. Kg3 Ne2+ 29. Kh2 Nc3 30. Rc1 Ne4 31. f3 Nf6 32. Kg3 Rd2 33. a3 Ra2 34. b4 Rxa3 35. bxc5 Ne4+ 36. Kf4 Nxc5 37. Ra1 Rc3 38. Rxa7 Rxc4+ 39. Kg3 Ne6 40. Rb1 Rc7 41. Rxc7 Nxc7 42. Rb7 Ne6 43. f4 g6 44. Kf3 Kg7 45. g4 Kf6 46. h4 Rc8 47. f5 Nd4+ 48. Ke4 Nc6 49. Rb6 gxf5+ 50. gxf5 Ke7 51. Kf4 Kd7 52. Kg4 Rb8 53. Ra6 Rh8 54. Kh5 Rh7 55. Rb6 Nd4 56. f6 Ne2 57. Ra6 Nf4+ 58. Kg4 Ne6 59. Kh5 Nc5 60. Rb6 Kc7 61. Rb4 Kc6 62. Rc4 Kd5 63. Rf4 Ke5 64. Rf5+ Kd6 65. Rf1 Ne4 66. Kg4 h5+ 67. Kh3 Rh6 68. Rf5 Nxf6 69. Kg3 Rg6+ 70. Kf4 Rg4+ 71. Kf3 Ke6 72. Rxh5 Rg3+ 73. Kxg3 Nxh5+ 74. Kg4 Ng7 75. Kg5 Ke5 76. Kg4 f5+ 77. Kg5 Ne8 78. h5 f4 79. h6 Nf6 80. Kh4 Kf5 0-1

[Event "Skopje Karposh op"]
[Site "Skopje"]
[Date "2014.04.02"]
[Round "6"]
[White "Veleski, Robert"]
[Black "Gjeorgjievski, Done"]
[Result "1-0"]
[WhiteElo "2248"]
[BlackElo "1784"]
[PlyCount "81"]
[EventDate "2014.03.29"]
[EventType "swiss"]
[EventRounds "9"]
[EventCountry "MKD"]
[SourceTitle "CBM 159 Extra"]
[Source "ChessBase"]
[SourceDate "2014.04.24"]
[SourceVersion "1"]
[SourceVersionDate "2014.04.24"]
[SourceQuality "1"]

1. Nf3 Nf6 2. d4 g6 3. Nc3 d5 4. g3 Bg7 5. Bg2 0-0 6. 0-0 Nbd7 7. Ne5 c6 8. Nxd7 Bxd7 9. Bg5 Re8 10. Bxf6 Bxf6 11. e4 dxe4 12. Nxe4 Bg7 13. c3 Qc7 14. Nc5 Rad8 15. Qa4 e5 16. dxe5 Rxe5 17. Qxa7 Re2 18. Qxb7 Qxb7 19. Nxb7 Rb8 20. Nc5 Bf5 21. Na4 Bc2 22. b3 c5 23. Bd5 Rd8 24. Bc4 Red2 25. Rfe1 Kf8 26. Re2 Rxe2 27. Bxe2 Rd2 28. Re1 Bf5 29. Bb5 Bf6 30. Re2 Rd1+ 31. Kg2 Ra1 32. h3 h5 33. Nxc5 Bxc3 34. Bd3 Bc8 35. a4 Bd4 36. Rc2 Ke7 37. Be4 Ra3 38. b4 Be6 39. a5 Rc3 40. Rxc3 Bxc3 41. a6 1-0

[Event "Skopje Karposh op"]
[Site "Skopje"]
[Date "2013.03.14"]
[Round "7"]
[White "Gjeorgjievski, Done"]
[Black "Nisic, Miroslav"]
[Result "0-1"]
[WhiteElo "1779"]
[BlackElo "2079"]
[PlyCount "82"]
[EventDate "2013.03.09"]
[EventType "swiss"]
[EventRounds "9"]
[EventCountry "MKD"]
[SourceTitle "CBM 153 Extra"]
[Source "ChessBase"]
[SourceDate "2013.04.22"]
[SourceVersion "1"]
[SourceVersionDate "2013.04.22"]
[SourceQuality "1"]

1. e4 c6 2. d4 d5 3. exd5 cxd5 4. Bf4 Nc6 5. c3 Nf6 6. Bd3 Bg4 7. Qb3 Qc8 8. Nd2 e6 9. Ngf3 Be7 10. 0-0 0-0 11. Rfe1 Bh5 12. Ne5 Nxe5 13. Bxe5 Nd7 14. Qc2 Bg6 15. Nf3 a6 16. a4 Qc6 17. a5 Rfc8 18. Qe2 Bf8 19. h4 f6 20. Bf4 Bf7 21. Nd2 Re8 22. Bc2 e5 23. Ba4 Qd6 24. Bxd7 Qxd7 25. dxe5 fxe5 26. Bxe5 Re6 27. Qf1 Rae8 28. Bd4 Qe7 29. Nf3 h6 30. b4 Qd8 31. g3 Bh5 32. Nd2 Be2 33. Qh3 Bg4 34. Qf1 Bh3 35. Qxh3 Rxe1+ 36. Rxe1 Rxe1+ 37. Kg2 Qe8 38. Qf5 Qe6 39. Qf3 Bd6 40. Nf1 Qe4 41. Ne3 Rg1+ 0-1

[Event "Wch U16"]
[Site "Maribor"]
[Date "2012.11.14"]
[Round "7.59"]
[White "Comas, Rinell"]
[Black "Gjeorgjievski, Done"]
[Result "1-0"]
[WhiteElo "1793"]
[BlackElo "1827"]
[PlyCount "135"]
[EventDate "2012.11.08"]
[EventType "swiss"]
[EventRounds "11"]
[EventCountry "SLO"]
[SourceTitle "EXT 2013"]
[Source "ChessBase"]
[SourceDate "2012.11.22"]
[SourceVersion "1"]
[SourceVersionDate "2012.11.22"]
[SourceQuality "1"]

1. e4 c5 2. Nf3 d6 3. d4 cxd4 4. Nxd4 Nf6 5. Nc3 a6 6. g3 e5 7. Nde2 Be7 8. Bg2 Be6 9. h3 Nbd7 10. Be3 0-0 11. 0-0 Qc7 12. g4 Nb6 13. Ng3 Nc4 14. Bc1 b5 15. Nf5 b4 16. Ne2 Bxf5 17. exf5 Rac8 18. c3 a5 19. cxb4 axb4 20. b3 Nb6 21. Be3 Rfd8 22. Ng3 Qb8 23. g5 Ne8 24. Qg4 d5 25. f6 Bf8 26. Nf5 d4 27. Bd2 Nd5 28. fxg7 Nxg7 29. Nh6+ Kh8 30. Nxf7+ Kg8 31. Nxd8 Rxd8 32. Bxd5+ Rxd5 33. h4 Qe8 34. Rfe1 Qf7 35. Rac1 Ra5 36. a4 Qxb3 37. g6 hxg6 38. Qxg6 Qxa4 39. Rc6 Qa2 40. Bh6 Qf7 41. Qxf7+ Kxf7 42. Rb6 Rd5 43. Rb7+ Kg8 44. Bxg7 Bxg7 45. Rxb4 d3 46. Rd1 Bh6 47. Kg2 d2 48. Kf3 Rc5 49. Ke4 Rc1 50. Rb1 Rc4+ 51. Kxe5 Rxh4 52. Rh1 Bg7+ 53. Ke6 Re4+ 54. Kf5 Re8 55. f4 Bd4 56. Kg4 Bf2 57. Rhd1 Re1 58. Rb8+ Kf7 59. Rxd2 Bc5 60. Rb7+ Be7 61. Rdd7 Rg1+ 62. Kf5 Re1 63. Rxe7+ Rxe7 64. Rxe7+ Kxe7 65. Kg6 Kf8 66. f5 Kg8 67. f6 Kh8 68. Kf7 1-0

[Event "Wch U16"]
[Site "Maribor"]
[Date "2012.11.09"]
[Round "2.48"]
[White "Javidfard, Amirsalar"]
[Black "Gjeorgjievski, Done"]
[Result "1-0"]
[WhiteElo "2043"]
[BlackElo "1827"]
[PlyCount "75"]
[EventDate "2012.11.08"]
[EventType "swiss"]
[EventRounds "11"]
[EventCountry "SLO"]
[SourceTitle "EXT 2013"]
[Source "ChessBase"]
[SourceDate "2012.11.22"]
[SourceVersion "1"]
[SourceVersionDate "2012.11.22"]
[SourceQuality "1"]

1. d4 Nf6 2. c4 c5 3. e3 g6 4. Nf3 Bg7 5. Bd3 0-0 6. 0-0 d6 7. Nbd2 Nc6 8. d5 Nb8 9. Re1 Nbd7 10. e4 Ng4 11. h3 Nge5 12. Nxe5 Nxe5 13. Be2 b5 14. cxb5 a6 15. f4 Nd7 16. a4 Nb6 17. Rb1 axb5 18. Bxb5 Bd7 19. Bxd7 Qxd7 20. b3 Rfb8 21. Qc2 Qb7 22. Kh1 Nc8 23. Ba3 Qd7 24. Bb2 Bh6 25. Rf1 e6 26. Qc3 f6 27. Qxf6 Bg7 28. Qxg7+ Qxg7 29. Bxg7 Kxg7 30. dxe6 Ne7 31. f5 gxf5 32. exf5 Rf8 33. g4 h6 34. Ne4 Nc6 35. f6+ Kg6 36. e7 Rfb8 37. Nxd6 Nd4 38. f7 1-0

[Event "FRM-ch op"]
[Site "Struga"]
[Date "2012.08.10"]
[Round "7"]
[White "Gjeorgjievski, Done"]
[Black "Peev, Kosta"]
[Result "1-0"]
[WhiteElo "1827"]
[BlackElo "1631"]
[PlyCount "125"]
[EventDate "2012.08.04"]
[EventType "swiss"]
[EventRounds "9"]
[EventCountry "MKD"]
[SourceTitle "CBM 149 Extra"]
[Source "ChessBase"]
[SourceDate "2012.08.24"]
[SourceVersion "1"]
[SourceVersionDate "2012.08.24"]
[SourceQuality "1"]

1. e4 c5 2. Nf3 Nc6 3. d4 cxd4 4. Nxd4 Nf6 5. Nc3 g6 6. Be3 Bg7 7. f3 0-0 8. Qd2 d5 9. exd5 Nxd5 10. Nxd5 Qxd5 11. Nxc6 Qxc6 12. c3 Bf5 13. Rd1 Be6 14. c4 Rac8 15. b3 Qc7 16. Bd3 Rfd8 17. 0-0 Bf5 18. Qc2 Bxd3 19. Rxd3 Rxd3 20. Qxd3 Rd8 21. Qc2 Bd4 22. Bxd4 Rxd4 23. Rd1 Qd6 24. Rxd4 Qxd4+ 25. Kf1 Qa1+ 26. Kf2 Qd4+ 27. Kf1 Qc5 28. Qf2 Qa3 29. Qd2 Qc5 30. Qd7 Qe3 31. Qxb7 Qc1+ 32. Kf2 Qd2+ 33. Kg3 Qe1+ 34. Kh3 Qe6+ 35. g4 Qe2 36. Qe4 Qf1+ 37. Kg3 Qg1+ 38. Kf4 Qxh2+ 39. Ke3 Qg1+ 40. Kd3 Qd1+ 41. Kc3 Qc1+ 42. Kb4 Qd2+ 43. Ka3 Qa5+ 44. Kb2 Qd2+ 45. Qc2 Qd4+ 46. Qc3 Qf2+ 47. Ka3 Qb6 48. b4 h5 49. gxh5 gxh5 50. c5 Qc6 51. Qe3 h4 52. Qg5+ Kf8 53. Qxh4 Qxf3+ 54. Ka4 f6 55. Qh8+ Kf7 56. Qc8 Qd3 57. a3 Qc2+ 58. Ka5 f5 59. c6 f4 60. Qd7 f3 61. Qd5+ Ke8 62. Qxf3 Kd8 63. Qd5+ 1-0

[Event "FRM-ch op"]
[Site "Struga"]
[Date "2012.08.04"]
[Round "1"]
[White "Gjeorgjievski, Done"]
[Black "Veleski, Robert"]
[Result "0-1"]
[WhiteElo "1827"]
[BlackElo "2287"]
[PlyCount "66"]
[EventDate "2012.08.04"]
[EventType "swiss"]
[EventRounds "9"]
[EventCountry "MKD"]
[SourceTitle "CBM 149 Extra"]
[Source "ChessBase"]
[SourceDate "2012.08.24"]
[SourceVersion "1"]
[SourceVersionDate "2012.08.24"]
[SourceQuality "1"]

1. e4 Nf6 2. e5 Nd5 3. c4 Nb6 4. d4 d6 5. exd6 exd6 6. Nf3 Be7 7. Be2 0-0 8. 0-0 Nc6 9. Nc3 Bg4 10. b3 Bf6 11. Be3 Re8 12. Rc1 d5 13. cxd5 Nxd5 14. Nxd5 Qxd5 15. h3 Bc8 16. Bc4 Qd8 17. Re1 Rf8 18. Qd2 Bf5 19. d5 Ne5 20. Nxe5 Bxe5 21. Bg5 Qd6 22. f4 Qb6+ 23. Kh1 Bd6 24. Bh4 Bb4 25. Qe2 Bxe1 26. Rxe1 Bd7 27. Be7 Rfe8 28. d6 cxd6 29. Qh5 d5 30. Bxd5 Qg6 31. Qxg6 hxg6 32. Bxb7 Rab8 33. Bd5 Be6 0-1

[Event "Skopje Karposh op"]
[Site "Skopje"]
[Date "2012.04.13"]
[Round "8"]
[White "Gjeorgjievski, Done"]
[Black "Ranic, Viktor"]
[Result "0-1"]
[WhiteElo "1829"]
[BlackElo "1941"]
[PlyCount "44"]
[EventDate "2012.04.07"]
[EventType "swiss"]
[EventRounds "9"]
[EventCountry "MKD"]
[SourceTitle "CBM 147 Extra"]
[Source "ChessBase"]
[SourceDate "2012.04.24"]
[SourceVersion "1"]
[SourceVersionDate "2012.04.24"]
[SourceQuality "1"]

1. e4 d5 2. exd5 Qxd5 3. Nc3 Qa5 4. Bc4 c6 5. d3 Nf6 6. Bd2 Qc7 7. h3 Bf5 8. Nf3 e6 9. Qe2 Nbd7 10. Nd4 Bg6 11. Bxe6 fxe6 12. Nxe6 Qe5 13. Qxe5 Nxe5 14. Nc7+ Kd7 15. Nxa8 Bd6 16. 0-0 Rxa8 17. Rfe1 h5 18. Bg5 Rg8 19. Bh4 Nf7 20. Kf1 Nh6 21. Bxf6 gxf6 22. Ne4 Be7 0-1

[Event "Skopje Karposh op"]
[Site "Skopje"]
[Date "2012.04.10"]
[Round "5"]
[White "Gjeorgjievski, Done"]
[Black "Jonovska, Katerina"]
[Result "0-1"]
[WhiteElo "1829"]
[BlackElo "1982"]
[PlyCount "56"]
[EventDate "2012.04.07"]
[EventType "swiss"]
[EventRounds "9"]
[EventCountry "MKD"]
[SourceTitle "CBM 147 Extra"]
[Source "ChessBase"]
[SourceDate "2012.04.24"]
[SourceVersion "1"]
[SourceVersionDate "2012.04.24"]
[SourceQuality "1"]

1. e4 e5 2. Nf3 Nc6 3. Bb5 a6 4. Ba4 Nf6 5. 0-0 Be7 6. Re1 b5 7. Bb3 d6 8. h3 0-0 9. a4 Na5 10. Ba2 c5 11. d3 Be6 12. Bd2 b4 13. Bxe6 fxe6 14. c3 Rb8 15. cxb4 cxb4 16. d4 Nd7 17. dxe5 Nxe5 18. Nxe5 dxe5 19. Qg4 Qd7 20. Bh6 Bc5 21. Be3 Bxe3 22. Rxe3 Rbc8 23. Qe2 Rc1+ 24. Kh2 Qd1 25. Qxa6 Qg1+ 26. Kg3 Qxf2+ 27. Kh2 Qxe3 28. Qxe6+ Kh8 0-1

[Event "Skopje Karposh op"]
[Site "Skopje"]
[Date "2012.04.08"]
[Round "3"]
[White "Vucko, Jozsef"]
[Black "Gjeorgjievski, Done"]
[Result "1-0"]
[WhiteElo "2054"]
[BlackElo "1829"]
[PlyCount "29"]
[EventDate "2012.04.07"]
[EventType "swiss"]
[EventRounds "9"]
[EventCountry "MKD"]
[SourceTitle "CBM 147 Extra"]
[Source "ChessBase"]
[SourceDate "2012.04.24"]
[SourceVersion "1"]
[SourceVersionDate "2012.04.24"]
[SourceQuality "1"]

1. c4 c5 2. Nc3 Nc6 3. e3 e6 4. d4 Nf6 5. d5 Ne5 6. f4 Ng6 7. h4 h5 8. e4 e5 9. f5 Ne7 10. d6 Nc6 11. Nb5 Bxd6 12. Qxd6 Qe7 13. Nc7+ Kd8 14. Qxe7+ Kxe7 15. Nxa8 1-0

[Event "Skopje-ch op"]
[Site "Skopje"]
[Date "2011.12.10"]
[Round "8"]
[White "Hadzi Manev, Ljubomir"]
[Black "Gjeorgjievski, Done"]
[Result "1-0"]
[WhiteElo "2099"]
[BlackElo "1815"]
[PlyCount "65"]
[EventDate "2011.12.03"]
[EventType "swiss"]
[EventRounds "9"]
[EventCountry "MKD"]
[SourceTitle "CBM 145 Extra"]
[Source "ChessBase"]
[SourceDate "2012.01.03"]
[SourceVersion "1"]
[SourceVersionDate "2012.01.03"]
[SourceQuality "1"]

1. d4 Nf6 2. c4 c5 3. d5 b5 4. cxb5 a6 5. b6 d6 6. Nc3 Nbd7 7. Nf3 Nxb6 8. e4 g6 9. a4 Rb8 10. a5 Na8 11. Bc4 Nc7 12. Qe2 Bg7 13. 0-0 0-0 14. h3 Nd7 15. Bf4 Kh8 16. Ra2 f6 17. Rb1 Ne5 18. Bxe5 fxe5 19. Na4 h6 20. Nb6 Qe8 21. b4 cxb4 22. Rxb4 Na8 23. Bxa6 Nxb6 24. axb6 Bxa6 25. Qxa6 Qc8 26. Qxc8 Rfxc8 27. b7 Rf8 28. Nd2 e6 29. dxe6 Rfe8 30. Nc4 Rxe6 31. Ra8 Ree8 32. Rxb8 Rxb8 33. Na5 1-0

[Event "Skopje-ch op"]
[Site "Skopje"]
[Date "2011.12.05"]
[Round "3"]
[White "Gjeorgjievski, Done"]
[Black "Hristovski, Srdzan"]
[Result "0-1"]
[WhiteElo "1815"]
[BlackElo "2144"]
[PlyCount "88"]
[EventDate "2011.12.03"]
[EventType "swiss"]
[EventRounds "9"]
[EventCountry "MKD"]
[SourceTitle "CBM 145 Extra"]
[Source "ChessBase"]
[SourceDate "2012.01.03"]
[SourceVersion "1"]
[SourceVersionDate "2012.01.03"]
[SourceQuality "1"]

1. e4 Nf6 2. e5 Nd5 3. c4 Nb6 4. d4 d6 5. exd6 exd6 6. Nc3 Be7 7. h3 Bf5 8. Be3 0-0 9. Qf3 Be6 10. Qxb7 c6 11. d5 Bc8 12. Bxb6 Bxb7 13. Bxd8 Bxd8 14. Bd3 Bf6 15. Nge2 cxd5 16. cxd5 Nd7 17. 0-0 Nb6 18. Rad1 g6 19. Bb5 Rac8 20. Ne4 Be7 21. N2c3 f5 22. Ng3 Bf6 23. Nge2 Rc5 24. Nd4 Bxd5 25. Nxd5 Rxd5 26. Ne6 Rxb5 27. Nxf8 Kxf8 28. Rxd6 Ke7 29. Rc6 Nd5 30. b3 Rb6 31. Rc5 Kd6 32. Ra5 Nc3 33. Rxa7 h5 34. Kh1 Bd4 35. Ra8 Ne4 36. Kg1 Ke5 37. Ra5+ Kf6 38. Ra4 Bc5 39. Ra8 g5 40. Rd8 g4 41. hxg4 hxg4 42. Kh2 Bxf2 43. Rf8+ Kg7 44. Rxf5 g3+ 0-1

[Event "Skopje op 19th"]
[Site "Skopje"]
[Date "2011.11.01"]
[Round "9"]
[White "Ilic, Ljubomir"]
[Black "Gjeorgjievski, Done"]
[Result "1-0"]
[WhiteElo "2203"]
[BlackElo "1815"]
[PlyCount "59"]
[EventDate "2011.10.24"]
[EventType "swiss"]
[EventRounds "9"]
[EventCountry "MKD"]
[SourceTitle "EXT 2012"]
[Source "ChessBase"]
[SourceDate "2011.11.24"]
[SourceVersion "1"]
[SourceVersionDate "2011.11.24"]
[SourceQuality "1"]

1. e4 d5 2. exd5 Qxd5 3. Nc3 Qd8 4. g3 Nf6 5. Bg2 c6 6. Nf3 Bg4 7. h3 Bxf3 8. Qxf3 e6 9. b3 Be7 10. Bb2 Nbd7 11. 0-0-0 0-0 12. g4 Nb6 13. h4 Nfd5 14. g5 a5 15. a4 Qc7 16. Rdg1 Qf4 17. Qe2 Nxc3 18. Bxc3 Nd5 19. Bxd5 cxd5 20. Rg4 Ba3+ 21. Kb1 Qc7 22. h5 Qc6 23. Qe5 d4 24. Bxd4 Qxh1+ 25. Ka2 f6 26. Qxe6+ Rf7 27. g6 Qxh5 28. Qxf7+ Kh8 29. Bxf6 Bf8 30. Rh4 1-0

[Event "Skopje op 19th"]
[Site "Skopje"]
[Date "2011.10.28"]
[Round "5"]
[White "Nikolov, Kole"]
[Black "Gjeorgjievski, Done"]
[Result "0-1"]
[WhiteElo "1700"]
[BlackElo "1815"]
[PlyCount "112"]
[EventDate "2011.10.24"]
[EventType "swiss"]
[EventRounds "9"]
[EventCountry "MKD"]
[SourceTitle "EXT 2012"]
[Source "ChessBase"]
[SourceDate "2011.11.24"]
[SourceVersion "1"]
[SourceVersionDate "2011.11.24"]
[SourceQuality "1"]

1. e4 Nf6 2. Nc3 d5 3. exd5 Nxd5 4. Bc4 Nxc3 5. bxc3 Bf5 6. Nf3 e6 7. d4 Nc6 8. h3 Be7 9. Be3 0-0 10. 0-0 Bf6 11. Bd3 Ne7 12. Bxf5 Nxf5 13. Qd2 Qd5 14. Bg5 Bxg5 15. Qxg5 Nd6 16. Qxd5 exd5 17. Rab1 Rfe8 18. Rfe1 b6 19. Nd2 f6 20. Kf1 Kf7 21. f3 Nf5 22. Kf2 Nd6 23. Re3 Rxe3 24. Kxe3 Re8+ 25. Kf2 f5 26. Re1 Rxe1 27. Kxe1 f4 28. Ke2 Nf5 29. Nf1 Ke6 30. Kf2 Kd6 31. g4 Ne7 32. h4 Kc6 33. Ke2 Nc8 34. Kd3 Nd6 35. Nd2 Kb5 36. h5 h6 37. Nb1 Nc4 38. Ke2 Ka4 39. Kd3 b5 40. Ke2 Ne3 41. Nd2 Nxc2 42. Nb3 Ka3 43. Nc5 Kxa2 44. Ne6 Kb2 45. Kd2 a5 46. Nxf4 a4 47. Ne2 a3 48. Nc1 Na1 49. Nd3+ Kb3 50. f4 Nc2 51. g5 b4 52. Nc1+ Kb2 53. cxb4 Nxd4 54. Nd3+ Kb1 55. Nc1 hxg5 56. fxg5 Nf3+ 0-1

[Event "Skopje op 19th"]
[Site "Skopje"]
[Date "2011.10.25"]
[Round "2"]
[White "Gjeorgjievski, Done"]
[Black "Sekulovska, Vesna"]
[Result "0-1"]
[WhiteElo "1815"]
[BlackElo "2105"]
[PlyCount "106"]
[EventDate "2011.10.24"]
[EventType "swiss"]
[EventRounds "9"]
[EventCountry "MKD"]
[SourceTitle "EXT 2012"]
[Source "ChessBase"]
[SourceDate "2011.11.24"]
[SourceVersion "1"]
[SourceVersionDate "2011.11.24"]
[SourceQuality "1"]

1. e4 e5 2. Nf3 Nc6 3. Bc4 Nf6 4. 0-0 Nxe4 5. Re1 d5 6. Bb5 Bc5 7. d4 exd4 8. Nxd4 0-0 9. Be3 Nxd4 10. Bxd4 Bxd4 11. Qxd4 c6 12. Bd3 Nf6 13. Nc3 Be6 14. Rad1 Qb6 15. Qxb6 axb6 16. a3 Rfe8 17. h3 Kf8 18. Re2 Bd7 19. Rde1 Rxe2 20. Rxe2 c5 21. Bb5 Be6 22. Kf1 Ra5 23. a4 h6 24. g4 g5 25. b3 d4 26. Ne4 Nd5 27. Re1 Nf4 28. Nd6 Ra8 29. Nxb7 Bd5 30. Nd6 Nxh3 31. Nf5 Nf4 32. Nxh6 Bf3 33. Be2 Bxe2+ 34. Rxe2 Nxe2 35. Kxe2 Ke7 36. Nf5+ Kd7 37. Ng3 Re8+ 38. Kd2 Kc6 39. Kd3 Re5 40. Nf5 Re1 41. Nh6 f6 42. Ng8 Re6 43. Nh6 Kd5 44. Nf5 Ke5 45. Ng7 Re7 46. Nh5 f5 47. f3 fxg4 48. fxg4 Rf7 49. Ke2 Ke4 50. Ng3+ Kf4 51. Nh1 Kxg4 52. Nf2+ Rxf2+ 53. Kxf2 Kf4 0-1